A hajléktalanság specifikus problémái, különös tekintettel a városi lakosságra

Elmentve itt :
Bibliográfiai részletek
Szerző: Mocsáry Erzsébet
További közreműködők: Szondi Ildikó (Témavezető)
Dokumentumtípus: Szakdolgozat
Megjelent: 1994
Tárgyszavak:
Online Access:http://diploma.bibl.u-szeged.hu/23162
LEADER 00607nta a2200157 i 4500
001 dipl23162
005 20130314081842.0
008 110913s1994 hu om 0|| zxx d
040 |a SZTE Diploma Repozitórium  |b hun 
041 |a zxx 
100 1 |a Mocsáry Erzsébet 
245 1 2 |a A hajléktalanság specifikus problémái, különös tekintettel a városi lakosságra  |h [elektronikus dokumentum] /  |c Erzsébet Mocsáry 
260 |c 1994 
650 4 |a Jogi és igazgatási tanulmányok 
700 1 |a Szondi Ildikó  |e ths 
856 4 0 |u http://diploma.bibl.u-szeged.hu/id/eprint/23162/1/1994_mocsary_erzsebet.pdf  |z Dokumentum-elérés